00478nam a22001697a 4500003001200000005001700012008004100029020000600070040001200076082001500088100002700103245007400130250000600204260005000210300002100260650002700281NUST - PNEC20170116180759.0150410b xxu||||| |||| 00| 0 eng d a- cLIBRARY a953.02 NUM aNumani Shibli, Allama  aOmar the great : ( the second chliph of islam )cAllama Shibli Numani a- aLahore, Pakistan bSH.Muhammad Ashrafcc1939. a295 p. :c21 cm. aIslam, CaliphxGeneral